000 00396nam a22001337a 4500
082 _aP-471
100 _aSaad Athar Rashid
_948270
245 _aPreparation of Fiber Reinforced Concrete Using Lacally Available Maerial
_cKhalid Mannan Tariq
260 _aRisalpur
_bMCE
_c18-11-2011
526 _a0
_b0
_c0
_dP_471
650 _aProject
700 _aShazad Ul Hassan Amir
_948271
942 _2ddc
_cBK
999 _c551265
_d551265